Overheard in a dream : a novel

Bibliographic Details
Main Author: Hayden, Torey
Format: Book
Published: New York : Harper Collins Publishers , 2008
Subjects:

MARC

LEADER 00000cam a2200000 7i4500
001 0000123790
005 20080903.0
020 |a 0007260938 
090 0 0 |a F   |b HAY 
100 1 |a Hayden, Torey 
245 1 0 |a Overheard in a dream :   |b a novel   |c Torey Hayden 
260 |a New York :   |b Harper Collins Publishers ,   |c 2008 
300 |a 460p. ;   |c 20cm. 
650 0 0 |a Fiction 
999 |a 00218923   |b BUKU   |c PINJAMAN   |e PERPUSTAKAAN KOMUNITI PETALING JAYA